Столицы Северной Америки - Statistics

General Stats
  • This quiz has been taken 475 times
  • The average score is 13 of 36
Answer Stats
Страна Столица % Correct
Мексика Мехико
99%
Соединенные Штаты Вашингтон
98%
Канада Оттава
98%
Куба Гавана
74%
Никарагуа Манагуа
67%
Коста-Рика Сан-Хосе
67%
Сальвадор Сан-Сальвадор
67%
Гватемала Гватемала
65%
Ямайка Кингстон
60%
Гондурас Тегусигальпа
53%
Белиз Бельмопан
52%
Багамы Нассау
48%
Доминика Розо
46%
Сент-Винсент Кингстаун
43%
Барбадос Бриджтаун
43%
Гаити Порт-о-Пренс
43%
Доминикана Санто-Доминго
43%
Тринидад Порт-оф-Спейн
43%
Антигуа Сент-Джонс
42%
Сент-Люсия Кастри
38%
Сент-Китс Бастер
36%
Гваделупа Бас-Тер
36%
Гренада Сент-Джорджес
33%
о-ва Кайман Джорджтаун
18%
Пуэрто-Рико Сан-Хуан
13%
Сен-Пьер Сен-Пьер
6%
Ангилья Валли
3%
Мартиника Фор-Де-Франс
3%
Синт-Мартен Филипсбург
2%
Сен-Мартен Мариго
2%
Сен-Бартелеми Густавия
2%
Монтсеррат (1) Плимут
2%
Виргинские о-ва Род-Таун
2%
Американские Вирг. о-ва Шарлотта-Амалия
2%
о-ва Теркс и Кайкос Коберн-Таун
1%
Монтсеррат (2) Брейдс
1%
No matching quizzes found
Score Distribution
Percent of People with Each Score
Percentile by Number Answered
Your Score History
You have not taken this quiz